We

সংরক্ষণ করুন:
গ্রন্থ-পঞ্জীর বিবরন
প্রধান লেখক: Eugene Zamiatin
বিন্যাস: গ্রন্থ
ভাষা:Undetermined
প্রকাশিত: New York E. P. Dutton 1952
বিষয়গুলি:
ট্যাগগুলো: ট্যাগ যুক্ত করুন
কোনো ট্যাগ নেই, প্রথমজন হিসাবে ট্যাগ করুন!
Thư viện lưu trữ: Trung tâm Học liệu Trường Đại học Cần Thơ
LEADER 00495nam a2200169Ia 4500
001 CTU_46839
008 210402s9999 xx 000 0 und d
082 |a 891.7 
082 |b Z24 
100 |a Eugene Zamiatin 
245 0 |a We 
245 0 |c Eugene Zamiatin, Gregory Zilboorg 
260 |a New York 
260 |b E. P. Dutton 
260 |c 1952 
650 |a russian fiction - 20th century ( english ),russian literature - 20th century 
980 |a Trung tâm Học liệu Trường Đại học Cần Thơ